000
00219nam a2200097Ia 4500
008
230915s9999 xx 000 0 und d
050
_a
SB 91 .M2 C47 1986
100
_a
JONES C.A.
245
0
_a
CERES-MAIZE
942
_c
BK
999
_c
201668
_d
201668